Az ellátási lánc menedzsment és az információs aszimmetria kapcsolata

Bibliographic Details
Main Author: Gubényi Boglárka
Other Authors: Király Éva
Format: Students’ Scientific Association paper
Kulcsszavak:ellátási lánc
esettanulmány
információs aszimmetria
készletezési döntések
logisztika
teljesítmény optimalizálása
Online Access:http://dolgozattar.uni-bge.hu/57876

MARC

LEADER 00000nta a2200000 i 4500
001 dolg57876
005 20250923115540.0
008 250923suuuu hu o 000 hun d
040 |a BGE Dolgozattár Repozitórium  |b hun 
041 |a hu 
100 1 |a Gubényi Boglárka 
245 1 3 |a Az ellátási lánc menedzsment és az információs aszimmetria kapcsolata  |c Gubényi Boglárka  |h [elektronikus dokumentum] 
516 |a Students_Scientific_Association_paper 
520 3 |a Napjaink komplex üzleti világa olyan innovatív eszközöket követel meg, amelyek képesek kezelni a dinamikus vállalati környezetet, a fokozódó versenyt, a fogyasztói igények változékonyságát és a környezet-, társdalami fenntarthatósági követelményeket a jogszabályi és a társadalmi oldalról. Az ellátási lánc értelmezhető egy több vállalaton átívelő értékteremtési folyamatként, melynek végső célja a fogyasztói szükségletek kielégítése. Az adott terméktől függően megkülönböztethetünk hatékony és rugalmas ellátási láncot. Az ellátási lánc koordinációja, irányítása jelenti az ellátási lánc menedzsmentet. Az ellátási lánc menedzsment fogalmát a menedzsment filozófia, a filozófia gyakorlatba való átültetése, valamit a menedzsment folyamatok gyűjteménye alkotja. Az ellátási lánc menedzsment döntések meghozásakor a kockázat, a változás és a versenyelőny tényezőket kell mérlegelni, melyek alapjaiban határozzák meg a vállalat eredményességét. Az ellátási lánc menedzsment alkalmazási módjai a funkcionális és a szervezeti terület, melyek rávilágítanak a vállalaton belüli funkciók és az ellátási lánc egészében résztvevő vállalatok közötti folyamatok összehangolására. Az ellátási lánc szereplői sokfélék lehetnek, a köztük lévő viszonyokat a kompetitív előnyök és stratégiák határozzák meg. A helyes irányvonalak kijelölése érdekében tisztában kell lenni az aktuális trendekkel. A 21. századi trendek közé tartozik például a globalizáció, a digitalizáció, a fenntarthatóság és az élesedő verseny. Az információs aszimmetria egy piaci kudarc, ami veszélyezteti a gazdaságilag és társadalmilag hatékony végkimenetel elérését. Az ellátási lánc menedzsment szempontjából azért fontos ezzel foglalkozni, mert a többszereplős rendszerekben, hálózatokban az információ nagy értéket képvisel. Egy nemzetközi vegyipari cég esettanulmányain keresztül alátámasztható az információs aszimmetria fontossága a vállalatok folyamataiban. A következtetések alapján megfogalmazhatók a fejlődési irányvonalak, valamint felrajzolható a vállalat stratégiai helyzetképe. 
695 |a ellátási lánc 
695 |a esettanulmány 
695 |a információs aszimmetria 
695 |a készletezési döntések 
695 |a logisztika 
695 |a teljesítmény optimalizálása 
700 1 |a Király Éva  |e ths 
856 4 0 |u http://dolgozattar.uni-bge.hu/57876/1/Az%20ell%C3%A1t%C3%A1si%20l%C3%A1nc%20menedzsment%20%C3%A9s%20az%20inform%C3%A1ci%C3%B3s%20aszimmetria%20kapcsolata.pdf  |z Dokumentum-elérés 
856 4 0 |u http://dolgozattar.uni-bge.hu/57876/2/rezum%C3%A9.pdf  |z Dokumentum-elérés 
856 4 0 |u http://dolgozattar.uni-bge.hu/57876/3/Gub%C3%A9nyi_Bogl%C3%A1rka_05_Dolgozat_biralati_lap_2024_HU%20%C3%9AJ%20LOGO.pdf  |z Dokumentum-elérés 
856 4 0 |u http://dolgozattar.uni-bge.hu/57876/4/Gub%C3%A9nyi%20Bogl%C3%A1rka.pdf  |z Dokumentum-elérés